[Event "Vladimir Dvorkovich Mem 2014"]
[Site "Taganrog RUS"]
[Date "2014.01.26"]
[Round "9.21"]
[White "Musalov, R."]
[Black "Vlasenko, A."]
[Result "1/2-1/2"]
[WhiteElo "2365"]
[BlackElo "2319"]
[PlyCount "76"]
[EventDate "2014.01.18"]
[EventType "swiss"]
[EventRounds "9"]
[EventCountry "RUS"]
[Source "Mark Crowther"]
[SourceDate "2014.01.27"]

1. e4 c5 2. c4 e6 3. Nc3 Nc6 4. g3 g6 5. Bg2 Bg7 6. Nge2 a6 7. d3 Nge7 8. Be3
Nd4 9. O-O Nec6 10. Qd2 h5 11. f4 d6 12. Rae1 O-O 13. Kh1 Rb8 14. Ng1 b5 15. f5
exf5 16. exf5 Bxf5 17. cxb5 axb5 18. Rxf5 gxf5 19. Qd1 Re8 20. Nd5 Re5 21. Nh3
Qa5 22. Rf1 Ne7 23. Bxd4 cxd4 24. Nxe7+ Rxe7 25. Bd5 Re5 26. Nf4 b4 27. Bb3 d5
28. Qxh5 Rd8 29. Qg5 Rd6 30. Nh5 Rg6 31. Qf4 Rg4 32. Qf3 Qd8 33. Nf4 Re3 34.
Qf2 Be5 35. Kg1 Qf6 36. Kh1 Qd8 37. Kg1 Qf6 38. Kh1 Qd8 1/2-1/2

[Event "Vladimir Dvorkovich Mem 2014"]
[Site "Taganrog RUS"]
[Date "2014.01.26"]
[Round "9.22"]
[White "Mikhailov, Se1"]
[Black "Davletbayeva, M."]
[Result "1/2-1/2"]
[WhiteElo "2327"]
[BlackElo "2286"]
[PlyCount "80"]
[EventDate "2014.01.18"]
[EventType "swiss"]
[EventRounds "9"]
[EventCountry "RUS"]
[Source "Mark Crowther"]
[SourceDate "2014.01.27"]

1. c4 e5 2. Nc3 Nf6 3. g3 d5 4. cxd5 Nxd5 5. Bg2 Nb6 6. Nf3 Nc6 7. O-O Be7 8.
b3 O-O 9. Bb2 Be6 10. d4 exd4 11. Nb5 d3 12. Qxd3 Qxd3 13. exd3 Bf5 14. Nfd4
Nxd4 15. Nxd4 Bc8 16. Nc2 c6 17. Rfe1 Be6 18. Ne3 Bd6 19. Be4 Rfd8 20. Bf5 Bxf5
21. Nxf5 Bf8 22. Rad1 Nd5 23. a3 g6 24. Ne3 Bg7 25. Bxg7 Kxg7 26. Nxd5 Rxd5 27.
Kf1 Rad8 28. Ke2 Rh5 29. h4 Rb5 30. Rb1 a5 31. Kd2 Rf5 32. f4 h5 33. Rbc1 Kf6
34. Rc4 Rdd5 35. Re3 Rb5 36. Kc3 Rbd5 37. Kd2 Rb5 38. Kc3 Rbd5 39. Kd2 Rb5 40.
Kc3 Rbd5 1/2-1/2

[Event "Vladimir Dvorkovich Mem 2014"]
[Site "Taganrog RUS"]
[Date "2014.01.26"]
[Round "9.23"]
[White "Korchmar, V."]
[Black "Bykova, Anastasia"]
[Result "1/2-1/2"]
[WhiteElo "2346"]
[BlackElo "2097"]
[PlyCount "74"]
[EventDate "2014.01.18"]
[EventType "swiss"]
[EventRounds "9"]
[EventCountry "RUS"]
[Source "Mark Crowther"]
[SourceDate "2014.01.27"]

1. d4 d5 2. c4 c6 3. Nf3 Nf6 4. Nc3 dxc4 5. a4 Bf5 6. e3 e6 7. Bxc4 Bb4 8. O-O
Nbd7 9. h3 O-O 10. Nh4 Be4 11. Nxe4 Nxe4 12. Nf3 c5 13. Qc2 Nef6 14. Rd1 cxd4
15. exd4 Nb6 16. Bd3 Rc8 17. Qe2 Nbd5 18. Ne5 Bd6 19. Bg5 h6 20. Bd2 Nb4 21.
Bf4 Nfd5 22. Bc1 Bxe5 23. dxe5 Nxd3 24. Qxd3 Qh4 25. Be3 a6 26. Qb3 Rc4 27.
Qxb7 Nxe3 28. fxe3 Rxa4 29. Rxa4 Qxa4 30. Rd4 Qa5 31. Re4 Rd8 32. Kh2 Qd5 33.
Qc7 Rd7 34. Qb8+ Rd8 35. Qc7 Rd7 36. Qb8+ Rd8 37. Qc7 Rd7 1/2-1/2

[Event "Vladimir Dvorkovich Mem 2014"]
[Site "Taganrog RUS"]
[Date "2014.01.26"]
[Round "9.24"]
[White "Rozhko, D."]
[Black "Kostrikina, A."]
[Result "1-0"]
[WhiteElo "2354"]
[BlackElo "2141"]
[PlyCount "79"]
[EventDate "2014.01.18"]
[EventType "swiss"]
[EventRounds "9"]
[EventCountry "RUS"]
[Source "Mark Crowther"]
[SourceDate "2014.01.27"]

1. e4 c5 2. c3 e6 3. d4 d5 4. exd5 exd5 5. Nf3 Bd6 6. Be3 cxd4 7. Bxd4 Nf6 8.
Bb5+ Nc6 9. O-O Be6 10. Qa4 Rc8 11. Qxa7 O-O 12. Bxc6 bxc6 13. Be5 c5 14. Qa4
Bxe5 15. Nxe5 c4 16. Nd2 Bf5 17. Qd1 Qb6 18. Qc1 Rb8 19. b4 cxb3 20. Nxb3 Rfc8
21. Nd4 Bg6 22. Qe3 Qc7 23. Ndc6 Rb6 24. Nxg6 Rxc6 25. Ne7+ Kf8 26. Nxc6 Qxc6
27. a4 Ne4 28. a5 Nxc3 29. a6 d4 30. Qd3 g6 31. Rfe1 Qc5 32. Qf3 Rc7 33. h4 Kg7
34. h5 Ra7 35. Qf4 g5 36. Qb8 f6 37. Ra5 Qxa5 38. Qxa7+ Kh6 39. Qxd4 Kxh5 40.
Qxf6 1-0

[Event "Vladimir Dvorkovich Mem 2014"]
[Site "Taganrog RUS"]
[Date "2014.01.26"]
[Round "9.25"]
[White "Pushkov, N."]
[Black "Hudyakov, S."]
[Result "1-0"]
[WhiteElo "2344"]
[BlackElo "2094"]
[PlyCount "145"]
[EventDate "2014.01.18"]
[EventType "swiss"]
[EventRounds "9"]
[EventCountry "RUS"]
[Source "Mark Crowther"]
[SourceDate "2014.01.27"]

1. d4 e6 2. c4 b6 3. a3 Bb7 4. Nc3 f5 5. Nf3 Nf6 6. Bg5 Be7 7. e3 O-O 8. Be2 d6
9. O-O Nbd7 10. Rc1 h6 11. Bxf6 Bxf6 12. Qc2 g6 13. e4 Bg7 14. exf5 gxf5 15.
Rfd1 Qe7 16. Ne1 Kh8 17. Bf3 Bxf3 18. Nxf3 a6 19. Re1 Qf7 20. Rcd1 Rfe8 21. Ne2
Nf6 22. Nf4 Nh5 23. Qd2 Nxf4 24. Qxf4 Qf6 25. Qe3 Re7 26. g3 Rf8 27. Nh4 Kg8
28. f4 Rfe8 29. Qf2 Rf7 30. Nf3 Rfe7 31. Qc2 Qf7 32. Kg2 a5 33. a4 Bf6 34. b3
Qh5 35. Rd3 e5 36. fxe5 dxe5 37. dxe5 Bxe5 38. Rde3 Bd6 39. Rxe7 Rxe7 40. Rxe7
Bxe7 41. Nd4 f4 42. Qf5 f3+ 43. Qxf3 Qe5 44. Qd3 Kh8 45. Nf5 Bf8 46. Qd4 Qxd4
47. Nxd4 Bc5 48. Nf5 h5 49. Kf3 Kh7 50. Ke4 Kg6 51. h3 Kg5 52. Ng7 Bd6 53. Nf5
Bc5 54. Nh4 Kf6 55. Nf3 Bd6 56. g4 hxg4 57. hxg4 c6 58. Nd4 c5 59. Nb5 Be7 60.
Nc7 Kg5 61. Nd5 Bd8 62. Kf3 Kh6 63. Kf4 Kg6 64. Ke5 Kg5 65. Ke6 Kxg4 66. Kd7
Bh4 67. Nxb6 Kf3 68. Kc6 Be7 69. Nd7 Ke3 70. Nxc5 Kd4 71. Nb7 Kc3 72. Nxa5 Kb4
73. Nb7 1-0

[Event "Vladimir Dvorkovich Mem 2014"]
[Site "Taganrog RUS"]
[Date "2014.01.26"]
[Round "9.26"]
[White "Taysayev, T."]
[Black "Zakharov, AI."]
[Result "1-0"]
[WhiteElo "2233"]
[BlackElo "2324"]
[PlyCount "55"]
[EventDate "2014.01.18"]
[EventType "swiss"]
[EventRounds "9"]
[EventCountry "RUS"]
[Source "Mark Crowther"]
[SourceDate "2014.01.27"]

1. e4 c5 2. Nf3 d6 3. Bb5+ Nc6 4. O-O Bd7 5. Re1 Nf6 6. c3 a6 7. Bf1 Bg4 8. h3
Bxf3 9. Qxf3 g6 10. b3 Bg7 11. Bb2 O-O 12. d4 cxd4 13. cxd4 Nd7 14. Rd1 Rc8 15.
Na3 b5 16. Nc2 Qb6 17. Rd2 e5 18. Rad1 Bh6 19. Re2 exd4 20. Nxd4 Nce5 21. Qg3
Nf6 22. Nf5 Bg7 23. Rxd6 Qc7 24. Nxg7 Qxd6 25. Nf5 Qe6 26. Bxe5 Rfe8 27. Bxf6
Qxf6 28. Nd6 1-0

[Event "Vladimir Dvorkovich Mem 2014"]
[Site "Taganrog RUS"]
[Date "2014.01.26"]
[Round "9.27"]
[White "Rjabzev, K."]
[Black "Sazonova, A."]
[Result "1/2-1/2"]
[WhiteElo "2304"]
[BlackElo "2042"]
[PlyCount "82"]
[EventDate "2014.01.18"]
[EventType "swiss"]
[EventRounds "9"]
[EventCountry "RUS"]
[Source "Mark Crowther"]
[SourceDate "2014.01.27"]

1. e4 c5 2. Nf3 d6 3. c3 Nf6 4. h3 Nbd7 5. Bd3 b6 6. O-O Bb7 7. Re1 Qc7 8. Bc2
Rc8 9. Na3 e6 10. d4 Be7 11. Bf4 cxd4 12. cxd4 e5 13. Bh2 O-O 14. Rc1 Qb8 15.
Nb5 a6 16. Nc3 Rfe8 17. Bb3 h6 18. Nh4 Bf8 19. Ng6 b5 20. Nxf8 Nxf8 21. dxe5
dxe5 22. Nd5 Nxd5 23. Rxc8 Qxc8 24. exd5 Nd7 25. Qd2 Qc5 26. Rc1 Qd6 27. f4
Qb6+ 28. Qf2 e4 29. Qxb6 Nxb6 30. d6 Rc8 31. Rxc8+ Bxc8 32. Kf2 Nc4 33. Bxc4
bxc4 34. Ke3 f5 35. Kd4 Be6 36. Ke5 Kf7 37. g4 g6 38. g5 h5 39. Bg1 Bd7 40. Kd5
Be6+ 41. Kc6 Ke8 1/2-1/2

[Event "Vladimir Dvorkovich Mem 2014"]
[Site "Taganrog RUS"]
[Date "2014.01.26"]
[Round "9.28"]
[White "Aivazian, Grigory"]
[Black "Iliushkin, E."]
[Result "1/2-1/2"]
[WhiteElo "1981"]
[BlackElo "2302"]
[PlyCount "77"]
[EventDate "2014.01.18"]
[EventType "swiss"]
[EventRounds "9"]
[EventCountry "RUS"]
[Source "Mark Crowther"]
[SourceDate "2014.01.27"]

1. e4 c5 2. Nf3 e6 3. d4 cxd4 4. Nxd4 a6 5. Bd3 Nc6 6. Nxc6 dxc6 7. O-O e5 8.
Nd2 Nf6 9. Nc4 Bg4 10. Qd2 Nd7 11. b3 Be6 12. Bb2 Qc7 13. a4 Be7 14. f4 f6 15.
fxe5 Nxe5 16. Nxe5 fxe5 17. Kh1 O-O-O 18. Qe2 Rd7 19. Bc4 Bxc4 20. Qxc4 Bf6 21.
Bc3 Rhd8 22. Qe2 Qd6 23. Ba5 Re8 24. Rad1 Qe6 25. Rxd7 Kxd7 26. Rd1+ Kc8 27.
Qd3 Kb8 28. Bb6 Rc8 29. a5 Be7 30. Qd7 Qxd7 31. Rxd7 Bf6 32. g4 h6 33. Kg2 Re8
34. Kg3 Kc8 35. Rc7+ Kb8 36. Rd7 Kc8 37. Rc7+ Kb8 38. Rd7 Kc8 39. Rc7+ 1/2-1/2

[Event "Vladimir Dvorkovich Mem 2014"]
[Site "Taganrog RUS"]
[Date "2014.01.26"]
[Round "9.29"]
[White "Nazaretyan, Tigran"]
[Black "Esipenko, Andrey"]
[Result "1/2-1/2"]
[WhiteElo "2149"]
[BlackElo "2289"]
[PlyCount "80"]
[EventDate "2014.01.18"]
[EventType "swiss"]
[EventRounds "9"]
[EventCountry "RUS"]
[Source "Mark Crowther"]
[SourceDate "2014.01.27"]

1. d4 Nf6 2. Nf3 d6 3. c4 Nbd7 4. Nc3 e5 5. e4 Be7 6. Be2 O-O 7. O-O c6 8. Re1
a6 9. Bf1 b5 10. a3 Bb7 11. Bg5 h6 12. Bh4 Qb8 13. Qc2 Bd8 14. Rad1 Nh5 15. Qd2
exd4 16. Qxd4 Ne5 17. Be2 Nxf3+ 18. Bxf3 Bxh4 19. Bxh5 Be7 20. Re3 Qa7 21. Qxa7
Rxa7 22. e5 dxe5 23. Rxe5 Bf6 24. Re2 Bc8 25. Ne4 Be7 26. Nd6 Bxd6 27. Rxd6
bxc4 28. Rxc6 Be6 29. h3 Bd7 30. Re7 Bxc6 31. Rxa7 Bb5 32. Rc7 g6 33. Bg4 Rd8
34. Rc8 Rxc8 35. Bxc8 Kf8 36. a4 Bxa4 37. Bxa6 Bb3 38. Kf1 Ke7 39. Ke2 Kd6 40.
Kd2 Kc5 1/2-1/2

[Event "Vladimir Dvorkovich Mem 2014"]
[Site "Taganrog RUS"]
[Date "2014.01.26"]
[Round "9.30"]
[White "Sobolevskiy, Anton"]
[Black "Kovalchuk, Al RUS"]
[Result "0-1"]
[WhiteElo "1773"]
[BlackElo "2276"]
[PlyCount "56"]
[EventDate "2014.01.18"]
[EventType "swiss"]
[EventRounds "9"]
[EventCountry "RUS"]
[Source "Mark Crowther"]
[SourceDate "2014.01.27"]

1. d4 d5 2. c4 c6 3. Nc3 Nf6 4. Nf3 dxc4 5. a4 Bf5 6. Bg5 Nbd7 7. e3 h6 8. Bh4
e6 9. Bxc4 Bb4 10. O-O Bg6 11. Bd3 Bxd3 12. Qxd3 O-O 13. Rfd1 Qa5 14. Nd2 Qh5
15. Bg3 e5 16. Qc4 a5 17. Rac1 exd4 18. Qxd4 Nc5 19. b3 Rad8 20. Qc4 Nd3 21.
Rb1 Nb2 22. Rxb2 Bxc3 23. Qxc3 Qxd1+ 24. Nf1 Ne4 25. Qc2 Nxg3 26. hxg3 Qxc2 27.
Rxc2 Rd1 28. Rd2 Rd8 0-1

[Event "Vladimir Dvorkovich Mem 2014"]
[Site "Taganrog RUS"]
[Date "2014.01.26"]
[Round "9.31"]
[White "Sukhareva, E."]
[Black "Dmitriev, Ig"]
[Result "0-1"]
[WhiteElo "2203"]
[BlackElo "2298"]
[PlyCount "74"]
[EventDate "2014.01.18"]
[EventType "swiss"]
[EventRounds "9"]
[EventCountry "RUS"]
[Source "Mark Crowther"]
[SourceDate "2014.01.27"]

1. d4 Nf6 2. c4 Nc6 3. Nf3 d6 4. g3 g6 5. Bg2 Bg7 6. O-O O-O 7. Nc3 Bg4 8. b3
Nd7 9. Be3 e5 10. d5 Ne7 11. Rc1 h6 12. h3 Bxf3 13. Bxf3 f5 14. Bd2 e4 15. Bg2
Ne5 16. f3 exf3 17. exf3 g5 18. f4 Nd3 19. fxg5 Nxc1 20. Qxc1 hxg5 21. Bxg5 Qd7
22. h4 Ng6 23. Bh3 Rae8 24. Qd2 Ne5 25. Ne2 Ng4 26. Nf4 Be5 27. Ne6 Rxe6 28.
dxe6 Qxe6 29. Bxg4 fxg4 30. Rxf8+ Kxf8 31. Qf2+ Kg7 32. Qxa7 Bxg3 33. Kg2 Be5
34. Qxb7 Qf5 35. Qd5 Qc2+ 36. Kf1 Qb1+ 37. Kg2 Qxa2+ 0-1

[Event "Vladimir Dvorkovich Mem 2014"]
[Site "Taganrog RUS"]
[Date "2014.01.26"]
[Round "9.32"]
[White "Shamugia, Panteley"]
[Black "Travkina, A."]
[Result "0-1"]
[WhiteElo "1961"]
[BlackElo "2227"]
[PlyCount "98"]
[EventDate "2014.01.18"]
[EventType "swiss"]
[EventRounds "9"]
[EventCountry "RUS"]
[Source "Mark Crowther"]
[SourceDate "2014.01.27"]

1. d4 Nf6 2. Nf3 d5 3. g3 e6 4. Bg2 Be7 5. O-O O-O 6. Ne5 c5 7. c3 Nc6 8. Nxc6
bxc6 9. Qc2 Qb6 10. e3 Bb7 11. Nd2 Rac8 12. dxc5 Bxc5 13. Nb3 Be7 14. Re1 c5
15. Nd2 Rfd8 16. b3 Ng4 17. Bb2 Bf6 18. h3 Ne5 19. c4 Ba6 20. Rab1 Qa5 21. Bxe5
Bxe5 22. Red1 h6 23. Bf1 Bb7 24. Bg2 Bf6 25. Kh2 Qc7 26. Kg1 Rd6 27. Rbc1 Ra6
28. a4 Rb6 29. Rb1 g6 30. Re1 Bg7 31. Rbd1 d4 32. Bxb7 Rxb7 33. Kg2 Rcb8 34.
Rb1 Qa5 35. Kf1 d3 36. Qa2 Bc3 37. Red1 Bxd2 38. Rxd2 Qc3 39. Rdb2 a5 40. Kg2
e5 41. e4 Kg7 42. g4 Kf6 43. h4 Ke6 44. f3 f5 45. Rf2 Rxb3 46. Rxb3 Rxb3 47.
gxf5+ gxf5 48. exf5+ Kxf5 49. Qd2 Qxd2 0-1

[Event "Vladimir Dvorkovich Mem 2014"]
[Site "Taganrog RUS"]
[Date "2014.01.26"]
[Round "9.33"]
[White "Becker, Max"]
[Black "Yakimenko, Viktoria"]
[Result "1-0"]
[WhiteElo "2211"]
[BlackElo "1935"]
[PlyCount "79"]
[EventDate "2014.01.18"]
[EventType "swiss"]
[EventRounds "9"]
[EventCountry "RUS"]
[Source "Mark Crowther"]
[SourceDate "2014.01.27"]

1. d4 Nf6 2. c4 g6 3. Nc3 d5 4. cxd5 Nxd5 5. Bd2 Bg7 6. e4 Nxc3 7. Bxc3 O-O 8.
Bc4 c5 9. d5 Nd7 10. Ne2 Ne5 11. Bb3 b5 12. f4 Ng4 13. Bxg7 Kxg7 14. Qd2 Qb6
15. h3 Nh6 16. g4 a5 17. g5 Ng8 18. h4 a4 19. Bd1 Qa5 20. Nc3 f6 21. h5 fxg5
22. hxg6 hxg6 23. f5 Bxf5 24. exf5 Rxf5 25. Bg4 Re5+ 26. Kd1 Qb4 27. Qg2 Rf8
28. Kc2 a3 29. bxa3 Qd4 30. Raf1 b4 31. axb4 cxb4 32. Ne2 Qxd5 33. Qxd5 Rxd5
34. Rxf8 Kxf8 35. Be6 Re5 36. Bxg8 Kxg8 37. Kd3 Ra5 38. Nc1 Kg7 39. Kc4 g4 40.
Kxb4 1-0

[Event "Vladimir Dvorkovich Mem 2014"]
[Site "Taganrog RUS"]
[Date "2014.01.26"]
[Round "9.34"]
[White "Bykov, Egor"]
[Black "Frolov, Andrey"]
[Result "0-1"]
[WhiteElo "2089"]
[BlackElo "2164"]
[PlyCount "52"]
[EventDate "2014.01.18"]
[EventType "swiss"]
[EventRounds "9"]
[EventCountry "RUS"]
[Source "Mark Crowther"]
[SourceDate "2014.01.27"]

1. d4 Nf6 2. Nf3 e6 3. c4 d5 4. Nc3 Nbd7 5. e3 c6 6. Bd3 dxc4 7. Bxc4 b5 8. Bd3
a6 9. O-O c5 10. b3 Bb7 11. dxc5 Nxc5 12. Bc2 b4 13. Ne2 Bd6 14. Bb2 Qc7 15.
Ned4 Rd8 16. Qe2 O-O 17. Rac1 Qa5 18. Bb1 Nce4 19. Nc6 Qh5 20. Nxd8 Ng5 21. Nh4
Bxh2+ 22. Kxh2 Qxh4+ 23. Kg1 Nh3+ 24. gxh3 Qg5+ 25. Qg4 Nxg4 26. f4 Qh4 0-1

[Event "Vladimir Dvorkovich Mem 2014"]
[Site "Taganrog RUS"]
[Date "2014.01.26"]
[Round "9.35"]
[White "Zhdanov, P."]
[Black "Sipetin, Vladislav"]
[Result "0-1"]
[WhiteElo "2010"]
[BlackElo "2069"]
[PlyCount "34"]
[EventDate "2014.01.18"]
[EventType "swiss"]
[EventRounds "9"]
[EventCountry "RUS"]
[Source "Mark Crowther"]
[SourceDate "2014.01.27"]

1. e4 e6 2. d4 d5 3. Nc3 Nf6 4. e5 Nfd7 5. f4 c5 6. Nf3 Nc6 7. Be3 a6 8. Qd2 b5
9. Be2 Qb6 10. O-O-O c4 11. Nb1 Nb4 12. Nc3 Qa5 13. Kb1 Nc6 14. f5 b4 15. fxe6
fxe6 16. Ng5 bxc3 17. bxc3 Nb6 0-1

[Event "Vladimir Dvorkovich Mem 2014"]
[Site "Taganrog RUS"]
[Date "2014.01.26"]
[Round "9.36"]
[White "Bogdanov, R."]
[Black "Yakimenko, Anastasia"]
[Result "0-1"]
[WhiteElo "2048"]
[BlackElo "1927"]
[PlyCount "86"]
[EventDate "2014.01.18"]
[EventType "swiss"]
[EventRounds "9"]
[EventCountry "RUS"]
[Source "Mark Crowther"]
[SourceDate "2014.01.27"]

1. b3 c5 2. e3 e5 3. Bb2 Nc6 4. Bb5 Nge7 5. Ne2 a6 6. Bxc6 Nxc6 7. f4 d6 8.
Nbc3 Be6 9. O-O f6 10. f5 Bf7 11. e4 d5 12. exd5 Nb4 13. d3 Nxd5 14. Qd2 Nxc3
15. Bxc3 Qb6 16. Qe3 Rd8 17. Rae1 Be7 18. a4 Qc7 19. a5 h5 20. Qg3 Kf8 21. Qh4
Kg8 22. Ng3 Rd6 23. Ne4 Rc6 24. Re3 b5 25. axb6 Qxb6 26. Rg3 c4+ 27. Kh1 cxb3
28. cxb3 Qd8 29. b4 Rh7 30. Rgf3 Qc7 31. Qe1 Bd5 32. Qa1 h4 33. Be1 Rb6 34. Qa5
Qb7 35. Nc5 Bxc5 36. bxc5 Rb5 37. Qd8+ Kf7 38. Qd6 h3 39. Kg1 hxg2 40. Kxg2
Rb2+ 41. Kg3 Rbxh2 42. c6 Qxc6 43. Qxc6 Bxc6 0-1

[Event "Vladimir Dvorkovich Mem 2014"]
[Site "Taganrog RUS"]
[Date "2014.01.26"]
[Round "9.37"]
[White "Dida, Igor"]
[Black "Gunchenko, Vadim"]
[Result "0-1"]
[WhiteElo "1956"]
[BlackElo "2032"]
[PlyCount "68"]
[EventDate "2014.01.18"]
[EventType "swiss"]
[EventRounds "9"]
[EventCountry "RUS"]
[Source "Mark Crowther"]
[SourceDate "2014.01.27"]

1. c4 e5 2. g3 Nc6 3. Bg2 g6 4. e4 Bg7 5. Ne2 d6 6. O-O Nge7 7. d3 O-O 8. Nbc3
Be6 9. a3 a5 10. Rb1 Qd7 11. Re1 f5 12. b4 axb4 13. axb4 fxe4 14. Nxe4 Bg4 15.
Be3 Nf5 16. Qd2 Nxe3 17. Qxe3 Ra3 18. b5 Ne7 19. N4c3 c6 20. Ra1 Rxa1 21. Rxa1
d5 22. bxc6 bxc6 23. Ra7 Qd6 24. cxd5 Nxd5 25. Nxd5 cxd5 26. Ra5 d4 27. Qe4 Qb4
28. Ra1 Qb2 29. Re1 Qd2 30. Kf1 Bf5 31. Qd5+ Kh8 32. Nc1 Be4 33. Re2 Qxc1+ 34.
Re1 Bxd3+ 0-1

[Event "Vladimir Dvorkovich Mem 2014"]
[Site "Taganrog RUS"]
[Date "2014.01.26"]
[Round "9.38"]
[White "Krivochkin, Ilya"]
[Black "Pligin, G."]
[Result "1/2-1/2"]
[WhiteElo "1936"]
[BlackElo "1928"]
[PlyCount "79"]
[EventDate "2014.01.18"]
[EventType "swiss"]
[EventRounds "9"]
[EventCountry "RUS"]
[Source "Mark Crowther"]
[SourceDate "2014.01.27"]

1. e4 d6 2. d4 Nf6 3. Nc3 g6 4. Nf3 Bg7 5. Bc4 O-O 6. O-O Bg4 7. h3 Bxf3 8.
Qxf3 Nc6 9. Be3 e6 10. a3 Nd7 11. Rad1 a6 12. Ba2 e5 13. Ne2 exd4 14. Nxd4 Nxd4
15. Bxd4 Bxd4 16. Rxd4 Ne5 17. Qc3 g5 18. f4 gxf4 19. Rxf4 Qe7 20. Rd2 b5 21.
Rdf2 Kh8 22. Rxf7 Rxf7 23. Rxf7 Qg5 24. Rf5 Qg7 25. Qe3 Re8 26. c3 c6 27. Qf4
Qe7 28. Qh6 d5 29. exd5 cxd5 30. Qf6+ Qxf6 31. Rxf6 Nc4 32. Bxc4 bxc4 33. Rxa6
Rb8 34. Rd6 Rxb2 35. Rxd5 Rb3 36. Rc5 Rxc3 37. Kh2 Rxa3 38. Rxc4 Kg7 39. Rc6
Ra5 40. Kg3 1/2-1/2